Performance of latex and natural rubber of new rubber tree clones (IAC series) (Record no. 64743)

MARC details
000 -LEADER
fixed length control field 00469nam a2200157Ia 4500
100 ## - MAIN ENTRY--AUTHOR NAME
Personal name Moreno R M B
245 #0 - TITLE STATEMENT
Title Performance of latex and natural rubber of new rubber tree clones (IAC series)
260 ## - PUBLICATION, DISTRIBUTION, ETC. (IMPRINT)
Name of publisher Kautschuk Gummi Kunststoffe
Year of publication 2007
300 ## - PHYSICAL DESCRIPTION
Number of Pages 659-661
650 ## - SUBJECT ADDED ENTRY--TOPICAL TERM
Topical Term New clones
650 ## - SUBJECT ADDED ENTRY--TOPICAL TERM
Topical Term Technological properties
700 ## - ADDED ENTRY--PERSONAL NAME
Personal name Goncalves P de Souza
700 ## - ADDED ENTRY--PERSONAL NAME
Personal name Mattoso L H Capparelli
942 ## - ADDED ENTRY ELEMENTS (KOHA)
Koha item type Journals
Holdings
Withdrawn status Lost status Damaged status Not for loan Home library Current library Shelving location Date acquired Serial Enumeration / chronology Koha item type
      Journals RRII Library RRII Library Rubber chemistry 11/01/2008 Volume 60, Issue 12 Journals